The bronze horseman : (Record no. 2827)

MARC details
000 -LEADER
fixed length control field 01633cam a2200349 a 4500
001 - CONTROL NUMBER
control field 2827
003 - CONTROL NUMBER IDENTIFIER
control field FISKH
005 - DATE AND TIME OF LATEST TRANSACTION
control field 20240116140035.0
008 - FIXED-LENGTH DATA ELEMENTS--GENERAL INFORMATION
fixed length control field 000914s2001 nyub 000 1 eng
010 ## - LIBRARY OF CONGRESS CONTROL NUMBER
LC control number 00048193
020 ## - INTERNATIONAL STANDARD BOOK NUMBER
International Standard Book Number 0060199261 (hc : acidfree paper)
020 ## - INTERNATIONAL STANDARD BOOK NUMBER
International Standard Book Number 9780007685851
040 ## - CATALOGING SOURCE
Original cataloging agency DLC
Transcribing agency DLC
Modifying agency DLC
-- FISKH
Language of cataloging eng
043 ## - GEOGRAPHIC AREA CODE
Geographic area code e-ur---
050 00 - LIBRARY OF CONGRESS CALL NUMBER
Classification number PS3569.I48763
Item number B7 2001
082 00 - DEWEY DECIMAL CLASSIFICATION NUMBER
Classification number 813/.54
Edition number 21
100 1# - MAIN ENTRY--PERSONAL NAME
Personal name Simons, Paullina,
Dates associated with a name 1963-
245 14 - TITLE STATEMENT
Title The bronze horseman :
Remainder of title a novel /
Statement of responsibility, etc. Paullina Simons.
260 ## - PUBLICATION, DISTRIBUTION, ETC.
Place of publication, distribution, etc. New York :
Name of publisher, distributor, etc. Flamingo,
Date of publication, distribution, etc. 2001
300 ## - PHYSICAL DESCRIPTION
Extent 637 pages :
Other physical details maps ;
Dimensions 25 cm.
520 ## - SUMMARY, ETC.
Summary, etc. The Bronze Horseman is a historical fiction novel written by Paullina Simons and the first book in the Bronze Horseman Trilogy.<br/>The book begins on 22 June 1941, the day that Germany invaded the Soviet Union in the Second World War after Operation Barbarossa. Tatiana Metanova, nearly seventeen, meets the handsome and mysterious Red Army officer Alexander Belov.[1] The relationship between Tatiana and Alexander develops against the backdrop of the Siege of Leningrad and in the face of many difficulties.
650 #0 - SUBJECT ADDED ENTRY--TOPICAL TERM
Topical term or geographic name entry element World War, 1939-1945
Geographic subdivision Russia (Federation)
-- Saint Petersburg
Form subdivision Fiction.
650 #0 - SUBJECT ADDED ENTRY--TOPICAL TERM
Topical term or geographic name entry element Triangles (Interpersonal relations)
Form subdivision Fiction.
650 #0 - SUBJECT ADDED ENTRY--TOPICAL TERM
Topical term or geographic name entry element Sisters
Form subdivision Fiction.
651 #0 - SUBJECT ADDED ENTRY--GEOGRAPHIC NAME
Geographic name Saint Petersburg (Russia)
General subdivision History
Chronological subdivision Siege, 1941-1944
Form subdivision Fiction.
655 #7 - INDEX TERM--GENRE/FORM
Genre/form data or focus term Domestic fiction.
Source of term lcsh
655 #7 - INDEX TERM--GENRE/FORM
Genre/form data or focus term Historical fiction.
Source of term gsafd
655 #7 - INDEX TERM--GENRE/FORM
Genre/form data or focus term Love stories.
Source of term gsafd
655 #7 - INDEX TERM--GENRE/FORM
Genre/form data or focus term War stories.
Source of term gsafd
906 ## - LOCAL DATA ELEMENT F, LDF (RLIN)
a 7
b cbc
c orignew
d 1
e ocip
f 20
g y-gencatlg
942 ## - ADDED ENTRY ELEMENTS (KOHA)
Source of classification or shelving scheme Dewey Decimal Classification
Koha item type Books
Suppress in OPAC No
Holdings
Withdrawn status Lost status Source of classification or shelving scheme Damaged status Not for loan Collection Home library Current library Shelving location Date acquired Total Checkouts Full call number Barcode Date last seen Date last checked out Price effective from Koha item type
    Dewey Decimal Classification     Fiction Footprints International School Library Network Toul Kork Campus Footprints International School Library Network Toul Kork Campus A TK Campus, 4th Floor, Room B401, Fiction Bookcases (1-6) 01/16/2024 1 SIM 813.54 PS3569.I48763 2024-0038 05/20/2025 09/05/2024 01/16/2024 Books